000 00818nam a2200253Ia 4500
003 OSt
005 20220927103617.0
006 a|||||r|||| 00| 0
007 ta
008 220926b |||||||| |||| 00| 0 eng d
024 _a71486
037 _cReference Collections
040 _aRTL
_cRTL
_beng
041 _2eng
_aeng
082 _a"X755:(Z,3), H9.84-3"
110 _aInternational Bank For Reconstruction And Development etc
_9360453
245 0 _aLoan assumption agreement.
260 _aNew
_bYork International Bank for Reconstruction and Development USA
_c1977
300 _a8p.
_ccm.
650 _aForeign Loan
_9360454
700 _aInternational Bank For Reconstruction And Development etc
_9360455
942 _h"X755:(Z,3), H9.84-3"
_cCC
999 _c684275
_d684275